comparing varieties of lettuce in dry season 2004 at prek leap national school of agriculture; ការប្រៀបធៀបពូជដំណាំសាលាដក្នុងលក្ខខណ្ឌរដូវប្រំាងឆ្នំា ២០០៤ នៅសាលាជាតិកសិកម្មព្រែកលៀប (Record no. 3187)

000 -LEADER
fixed length control field 00709nam a22001577a 4500
003 - CONTROL NUMBER IDENTIFIER
control field OSt
005 - DATE AND TIME OF LATEST TRANSACTION
control field 20151105155929.0
008 - FIXED-LENGTH DATA ELEMENTS--GENERAL INFORMATION
fixed length control field 151105b xxu||||| |||| 00| 0 eng d
040 ## - CATALOGING SOURCE
Transcribing agency RUA
082 ## - DEWEY DECIMAL CLASSIFICATION NUMBER
Classification number AGR THU 2004 B030 Or.1
100 ## - MAIN ENTRY--PERSONAL NAME
9 (RLIN) 3416
Personal name THUOH HENG VANN
245 ## - TITLE STATEMENT
Title comparing varieties of lettuce in dry season 2004 at prek leap national school of agriculture; ការប្រៀបធៀបពូជដំណាំសាលាដក្នុងលក្ខខណ្ឌរដូវប្រំាងឆ្នំា ២០០៤ នៅសាលាជាតិកសិកម្មព្រែកលៀប
260 ## - PUBLICATION, DISTRIBUTION, ETC. (IMPRINT)
Place of publication, distribution, etc. Phnom Penh
Name of publisher, distributor, etc. RUA
Date of publication, distribution, etc. 2004
300 ## - PHYSICAL DESCRIPTION
Extent x; 46p.
Other physical details ill.
Dimensions 29cm.
942 ## - ADDED ENTRY ELEMENTS (KOHA)
Source of classification or shelving scheme
Koha item type FOR
Holdings
Price effective from Date last seen Permanent Location Not for loan Date acquired Source of classification or shelving scheme Koha item type Lost status Withdrawn status Date last checked out Total Checkouts Shelving location Damaged status Barcode Current Location Full call number
2015-11-052018-12-31Library Block B 2015-11-05 FOR  2018-12-226B119 RUA036991Library Block BAGR THU 2004 B030 Or.1
មជ្ឈមណ្ឌលឯការនៃសាកលវិទ្យាល័យភូមិន្ទកសិកម្មចំការដូង

Powered by Koha